| 000 | 02603nam a2200421 c 4500 | ||
|---|---|---|---|
| 003 | BLK | ||
| 005 | 20250106110440.0 | ||
| 008 | 180408b bul|||||r ||||||| ||bul|| | ||
| 010 | _aKNG00094156000 | ||
| 020 |
_a978-954-26-0822-6 _bиздат.: Хермес |
||
| 040 | _aBLK | ||
| 041 |
_aBUL _cBUL |
||
| 080 |
_aБългарска литература _b821.163.2 _x-94 _z821.163.2-94 |
||
| 080 |
_aЛекарска професия. Медицински работници. Мед. деонтология. Медицинско право - Права, задължения, условия за практикуване на професията, апробация, морал и етика, взаимоотношения с колеги и па _b614.23/.26 _x(497.2)(092)(0:82-94) _z614.23/.26(497.2)(092)(0:82-94) |
||
| 080 |
_aЗаведения за изпълнение на наказанието. Заведения за трудова терапия - Затвори, принудителна работа, наказателни колонии, концентрационни лагери, възпитателни заведения и др. _b343.81 _x(612)(0:82-94) _z343.81(612)(0:82-94) |
||
| 080 |
_aБългарска медицинска сестра _b929 Червеняшка, Валя Георгиева _x _z929 Червеняшка, Валя Георгиева |
||
| 100 | 1 |
_aЧервеняшка, Валя Георгиева _eпърви автор _9141338 |
|
| 700 | 1 |
_aЙорданов, Николай Йорданов _eсъавт. _9303617 |
|
| 139 |
_aЧервеняшка, Валя Георгиева и др. _bЧ 67 |
||
| 245 | 1 | 0 |
_aЗаписки от ада _bУжасите в либийските затвори _cВаля Георгиева Червеняшка; съавт. Николай Йорданов Йорданов. |
| 257 | _aBGR | ||
| 260 |
_аПловдив _bХермес _c2009 _fХасково : Полиграфюг |
||
| 300 |
_a200 с. _bсъс сн. _c20 см |
||
| 380 | _aX | ||
| 500 | _aСъдържа и За авторите. | ||
| 600 | 1 | 4 |
_aЧервеняшка, Валя Георгиева _9141338 |
| 650 | 4 |
_aЧервеняшка, Валя Георгиева _9141338 |
|
| 651 | 4 |
_aБенгази _9178612 |
|
| 651 | 4 |
_aЛибия _9179136 |
|
| 653 | _aмедицински сестри | ||
| 653 | _aспомени | ||
| 852 | _aЦб 247045 | ||
| 856 | 4 |
_qpdf _u |
|
| 856 | 4 |
_qpdf _u |
|
| 942 |
_cKNG _n0 _010 |
||
| 944 |
_aCR _c08.02.2010 _lМинев Младен _k30530 |
||
| 944 |
_aED _c01.12.2012 _lф / _k |
||
| 999 |
_c89456 _d89456 |
||